000 01063nam0a2200289 4500
001 RU\NLR\BIBL_A\016205242
005 20250624232823.0
010 _95000
035 _a(NLR Aleph) 016205242
090 _a13312671
_c13312671
100 _a20221110d1965 |||y0rusy50 ca
101 0 _aaze
102 _aAZ
105 _ay z 000 y
181 0 _ai
_baxxe
182 0 _an
200 1 _aХроники алкоголизм заманы синир-психики позғунлуглар
_fпроф. Х. Һәсәнов
203 _aТекст
_bвизуальный
_cнепосредственный
210 _aБакы
_cАзәрнәшр
_d1965
215 _a104, [2] с.
_d20
541 1 _6z01790
_aНервно-психические нарушения при хроническом алкоголизме
_zrus
700 1 _aҺәсәнов
_bХ.
_4070
790 1 _6z01541
_aГасанов
_bХ.А.-Г. оглы
_gХамис Абдул-Гусейн оглы
_4070
852 _aNLR
_bОНЛ
_jАзерб./2-13636
942 _cBOOK
980 _aNB